Loading...
| Science - Biology | 0 | 8 | 1 | 1 | 75 | 65 | 90.63 | 3 | 6 |
| Fine Arts - Classical Music | 0 | 7 | 0 | 0 | 70 | 41 | 81.14 | 2 | 6 |
| Mythology | 0 | 7 | 1 | 1 | 65 | 31 | 82.29 | 4 | 6 |
| Science - Chemistry | 0 | 4 | 0 | 2 | 40 | 104 | 119.00 | 0 | 1 |
| Philosophy | 0 | 3 | 0 | 1 | 30 | 67 | 99.67 | 0 | 0 |
| Literature - World Literature | 0 | 2 | 0 | 1 | 20 | 123 | 130.00 | 0 | 0 |
| History - World History | 0 | 2 | 0 | 1 | 20 | 104 | 115.00 | 0 | 1 |
| Social Science | 0 | 2 | 0 | 0 | 20 | 99 | 106.00 | 0 | 0 |
| Science - Other Science | 0 | 2 | 1 | 1 | 15 | 110 | 116.00 | 0 | 0 |
| Literature - American Literature | 0 | 1 | 0 | 0 | 10 | 132 | 132.00 | 0 | 0 |
| Literature - European Literature | 0 | 1 | 0 | 0 | 10 | 138 | 138.00 | 0 | 0 |
| History - Other History | 0 | 1 | 0 | 0 | 10 | 131 | 131.00 | 0 | 0 |
| Religion | 0 | 1 | 1 | 0 | 5 | 127 | 127.00 | 0 | 0 |